Amber Brown is feeling blue / (Record no. 1117)
[ view plain ]
| 000 -LEADER | |
|---|---|
| fixed length control field | 01079pam a2200289 a 4500 |
| 005 - DATE AND TIME OF LATEST TRANSACTION | |
| control field | 20230815111114.0 |
| 020 ## - INTERNATIONAL STANDARD BOOK NUMBER | |
| International Standard Book Number | 9780439071680 |
| 040 ## - CATALOGING SOURCE | |
| Original cataloging agency | DLC |
| Transcribing agency | DLC |
| Modifying agency | DLC |
| Language of cataloging | eng |
| 050 00 - LIBRARY OF CONGRESS CALL NUMBER | |
| Classification number | PZ7.D2394 |
| 082 00 - DEWEY DECIMAL CLASSIFICATION NUMBER | |
| Classification number | [Fic] |
| 100 1# - MAIN ENTRY--PERSONAL NAME | |
| Personal name | Danziger, Paula |
| Dates associated with a name | 1944-2004 |
| 245 10 - TITLE STATEMENT | |
| Title | Amber Brown is feeling blue / |
| Statement of responsibility, etc. | Paula Danziger ; illustrated by Tony Ross. |
| 250 ## - EDITION STATEMENT | |
| Edition statement | First Scholastic printing, September 1999 |
| 260 ## - PUBLICATION, DISTRIBUTION, ETC. | |
| Place of publication, distribution, etc. | New York : |
| Name of publisher, distributor, etc. | Scholastic |
| Date of publication, distribution, etc. | 1999 |
| 300 ## - PHYSICAL DESCRIPTION | |
| Extent | 130 pages , 3 Unnumbered pages : |
| Other physical details | illustrations ; |
| Dimensions | 20 cm |
| 505 ## - FORMATTED CONTENTS NOTE | |
| Formatted contents note | R <br/> |
| 520 ## - SUMMARY, ETC. | |
| Summary, etc. | Nine-year-old Amber Brown faces further complications because of her parents' divorce when her father plans to move back from Paris and she must decide which parent she will be with on Thanksgiving. |
| 521 ## - TARGET AUDIENCE NOTE | |
| Target audience note | 680 <br/> |
| Source | Lexile <br/> |
| 521 ## - TARGET AUDIENCE NOTE | |
| Target audience note | R <br/> |
| Source | Raz-Plus <br/> |
| 650 #1 - SUBJECT ADDED ENTRY--TOPICAL TERM | |
| Topical term or geographic name entry element | Divorce |
| General subdivision | Fiction. |
| 650 #1 - SUBJECT ADDED ENTRY--TOPICAL TERM | |
| Topical term or geographic name entry element | Parent and child |
| General subdivision | Fiction. |
| 700 1# - ADDED ENTRY--PERSONAL NAME | |
| Personal name | Ross, Tony |
| Relator term | illustrator |
| 906 ## - LOCAL DATA ELEMENT F, LDF (RLIN) | |
| a | 7 |
| b | cbc |
| c | orignew |
| d | 1 |
| e | ocip |
| f | 19 |
| g | y-gencatlg |
| 942 ## - ADDED ENTRY ELEMENTS (KOHA) | |
| Source of classification or shelving scheme | Dewey Decimal Classification |
| Koha item type | Books |
| Suppress in OPAC | No |
| 999 ## - | |
| -- | 1117 |
| -- | 1117 |
| Withdrawn status | Lost status | Source of classification or shelving scheme | Damaged status | Not for loan | Collection | Home library | Current library | Shelving location | Date acquired | Total Checkouts | Full call number | Barcode | Date last seen | Date last checked out | Price effective from | Koha item type |
|---|---|---|---|---|---|---|---|---|---|---|---|---|---|---|---|---|
| Dewey Decimal Classification | Fiction | Footprints International School Library Network Toul Kork Campus | Footprints International School Library Network Toul Kork Campus | 08/01/2023 | 1 | DAN Fic PZ7.D2394 | FIS00582 | 04/08/2025 | 12/04/2023 | 08/01/2023 | Books |
